Komisia oprášila Pakt stability a rastu
Európska komisia navrhla úpravy v Pakte stability a rastu, ktoré však musia schváliť členské krajiny na summite v marci 2003. Základné prvky paktu zostávajú nezmenené. Zmeny, ktoré by sa mali uskutočniť. Nové sankcie voči porušeniu rozpočtových pravidiel. Krajiny EÚ s najvyšším verejným dlhom. Rôzne...
Na minha lista:
| Autor principal: | |
|---|---|
| Formato: | Capítulo de Livro |
| Idioma: | eslovaco |
| Assuntos: | |
| Tags: |
Sem tags, seja o primeiro a adicionar uma tag!
|
MARC
| LEADER | 00000naa a2200000 4500 | ||
|---|---|---|---|
| 001 | r047265 | ||
| 005 | 20230921113613.4 | ||
| 041 | 0 | |a slo | |
| 044 | |a SK | ||
| 245 | 1 | 0 | |a Komisia oprášila Pakt stability a rastu |c Roman Schönwiesner |
| 520 | |a Európska komisia navrhla úpravy v Pakte stability a rastu, ktoré však musia schváliť členské krajiny na summite v marci 2003. Základné prvky paktu zostávajú nezmenené. Zmeny, ktoré by sa mali uskutočniť. Nové sankcie voči porušeniu rozpočtových pravidiel. Krajiny EÚ s najvyšším verejným dlhom. Rôzne názory na úpravy paktu. | ||
| 610 | 2 | 0 | |a spolupráca hospodárska medzinárodná |
| 610 | 2 | 0 | |a stabilita hospodárstva |
| 610 | 2 | 0 | |a rast hospodársky |
| 610 | 2 | 0 | |a pravidlá rozpočtové |
| 610 | 2 | 0 | |a dlhy |
| 610 | 2 | 0 | |a sankcie |
| 610 | 2 | 0 | |a Európska únia |
| 610 | 2 | 0 | |a Pakt stability a rastu |
| 100 | 1 | |a Schönwiesner, Roman | |